| 000 | 00412nam a2200121Ia 4500 | ||
|---|---|---|---|
| 003 | IN-BaIIA | ||
| 008 | 211028s9999 xx 000 0 eng d | ||
| 040 | _cIIA Library | ||
| 100 |
_aDowning, A M W _9906 |
||
| 245 | 0 |
_aTaylor's general catalogue of stars for the equinox 1835-0 from observations made at the madras observatory during the years 1831 to 1842 _cA. M. W. Downing |
|
| 260 |
_bNeill _c1901 |
||
| 942 | _cBK | ||
| 999 |
_c20461 _d20461 |
||